00790nam a2200241Ia 450000500170000000800390001702000150005604100080007110000160007924500810009525000220017626400490019830000400024733600270028733700330031433800280034765000300037565000280040565000290043370000400046204000350050208400110053720220316235234.0121119s1997 mx a gr 000 j spa a968164557X1 aspa1 aBall, Sara,10aEstán solos en casa dos ositoscSara Ball ; versión de Francisco Segovia aSegunda edición 1aMéxicobFondo de Cultura Económicac1997 a14 páginasbilustracionesc24 cm. atextobtxt2rdacontent asin mediaciónbn2rdamedia avolumenbnc2rdacarrier142LEMBaLiteratura infantil142LEMBaBebés vCuentos142LEMBaCuentos infantiles1 aSegovia, Franciscod1958etraductor aCO-BoRNBPbspaerdacCO-BoRNBP aA BAL5